000 00633nam a2200217 u 4500
005 20240912063846.0
008 130826s2008 ag r 000 0 spa d
020 _a9789872438746
035 _aUPN01000192446
049 _aI
050 4 _aPZ78
_bC5.3
100 1 _aCinetto de González, Liliana Cristina,
_d1967-
_932491
245 1 0 _aCuentos que hielan la sangre /
_cLiliana Cinetto.
260 _aBuenos Aires :
_bPictus,
_cc2008.
300 _a103 p.
440 0 _aLectosfera.
_pEscarlata
650 4 _aCuentos infantiles argentinos
_97466
650 4 _aCuentos de terror
_92404
905 _aInfantil
999 _c164548
_d164548